00934nam a22001815i 4500001000700000003000900007005001700016008004100033040002000074100003100094245027600125260009400401300002200495490007400517700002300591830007400614852006400688161473ES-MaACL20250716063320.0041019s1858 fr |||| | fre d aCAM bspa cCAM1 aPascal, Blaise,d1623-166210aPensées de Pascal b: édition variorum d'aprés le texte du manuscrit autographe contenant les lettres et opuscules, l'histoire des éditions des pensées. La vie de Pascal par sa soeur / cdes notes choisies et inédites et un index complet par Charles Louandre. aParis : bCharpentier, libraire-éditeur, c1858 (fImprimerie de P.-A. Bourdier et Cie) a613 p. ; c18 cm.1 aCollection des Classiques français des XVI, XVII et XVIII siècles0 aLouandre, Charles.0 aCollection des Classiques français des XVI, XVII et XVIII siècles aES-MaACLjD-2685 z-- Enc. hol. z-- Legado M. de La Fuente